Rainbow Six Siege General Knowledge Y6S3 - Statistics

General Stats
  • This quiz has been taken 108 times
  • The average score is 5 of 15
Answer Stats
Hint Answer % Correct
Founder of Nighthaven Kali
62%
Youngest male operator Mute
55%
Attacker smiling in their operator card Ace
48%
Most banned operator (Year 6) Thatcher
46%
Operator that was temporarily removed from the game Clash
45%
Where is Ace from? Norway
33%
Injured operator rescued in operation Chimera Jager
32%
Callout for "bottom of stairs" Harry Potter
29%
Youngest female operator Caveira
27%
First map to be reworked Kafe Dostoyevsky
25%
What is Osa's shield called? Talon 8
25%
What is Jager's elite called? Flying Ace
24%
Last Operation to release 2 operators Steel Wave
23%
What material are Rook armor plates made out of? Ceramic
20%
Defender smiling in their operator card Maestro
15%
No matching quizzes found
Score Distribution
Percent of People with Each Score
Percentile by Number Answered
Your Score History
You have not taken this quiz